| 000 | 00565nab a2200157Ia 4500 | ||
|---|---|---|---|
| 003 | ES-SlBCS | ||
| 005 | 20210601130534.0 | ||
| 008 | 140529s1986 xxu||||| |||| 00| 0 fre d | ||
| 041 | _afre | ||
| 100 | 1 |
_aGiacomi, Alain _9174554 |
|
| 245 | 0 | 0 |
_aRéussites et échecs dans la communication linguistique entre locuteurs francophones et locuteurs immigrés _c Alain Giacomi, Christine de Hérédia |
| 650 | 0 | 4 |
_aComunicación Lingüística _9174555 |
| 700 | 1 |
_aHérédia, Christine de _9174556 |
|
| 773 | 0 |
_tLangages _gnº. 84, 1986, págs. 9-24 _wRev1447 |
|
| 942 | _cAR | ||
| 999 |
_c548335 _d548335 |
||